000
00224 a2200097 4500
001
34544
100
_a
Hwang, Kai
245
_a
Scalable parallel computing
260
_a
Singapore
_b
McGraw Hill
_c
2000
090
_c
22827
_d
22827
942
_a
NUST-CAE
_c
M
_c
14255
999
_c
269617
_d
269617